000
00345nam a22001217a 4500
040
_c
HS
082
_a
380
100
_a
ជួង សុផល
245
_a
Principes et fonctionnement des ecosystemes cultives en semis direct sur couverture vegetabl permanente
260
_a
Paris
_b
ជួង សុផល
_c
2009
300
_a
58p;
942
_c
FB
999
_c
10212
_d
10212